| 000 | 00365nam a22001097a 4500 | ||
|---|---|---|---|
| 008 | 230606b xxu||||| |||| 00| 0 eng d | ||
| 082 | _a341.24921 | ||
| 245 |
_aThe Pan-African Parliament Contribution to the Grand Debate on the African Union Government _bNinth Ordinary Session |
||
| 260 |
_aAccra,Ghana _bPan-African Parliament _c2007 |
||
| 300 | _a17p | ||
| 942 |
_2ddc _cBK |
||
| 999 |
_c679 _d679 |
||